<?xml version="1.0" encoding="UTF-8"?>
<record
    xmlns:xsi="http://www.w3.org/2001/XMLSchema-instance"
    xsi:schemaLocation="http://www.loc.gov/MARC21/slim http://www.loc.gov/standards/marcxml/schema/MARC21slim.xsd"
    xmlns="http://www.loc.gov/MARC21/slim">

  <leader>00467nam a22001097a 4500</leader>
  <controlfield tag="008">110607t        xxu||||| |||| 00| 0 eng d</controlfield>
  <datafield tag="010" ind1=" " ind2=" ">
    <subfield code="a">SCCAF- 8b</subfield>
  </datafield>
  <datafield tag="245" ind1=" " ind2=" ">
    <subfield code="a">Supreme Court of Civil Appeal No.14 0f 2002 Mohan Musisi Kiwanuka Vs Asha Chand.</subfield>
  </datafield>
  <datafield tag="260" ind1=" " ind2=" ">
    <subfield code="c">2002</subfield>
  </datafield>
  <datafield tag="500" ind1=" " ind2=" ">
    <subfield code="a">Coram: Oder,Tsekooko , Karokora, Mulenga , Kato J.J.SC</subfield>
  </datafield>
  <datafield tag="500" ind1=" " ind2=" ">
    <subfield code="3">Appeal from the judgment of the Court of Appeal of Uganda - Kikonyogo DCJ, Engwau, Twinomujuni, (JJ.A) Kampala, dated 8 may, 2002</subfield>
  </datafield>
  <datafield tag="999" ind1=" " ind2=" ">
    <subfield code="c">2420</subfield>
    <subfield code="d">2420</subfield>
  </datafield>
  <datafield tag="952" ind1=" " ind2=" ">
    <subfield code="0">0</subfield>
    <subfield code="1">0</subfield>
    <subfield code="2">ddc</subfield>
    <subfield code="4">0</subfield>
    <subfield code="6">SCCAF_8B</subfield>
    <subfield code="7">0</subfield>
    <subfield code="9">3284</subfield>
    <subfield code="a">MAIN</subfield>
    <subfield code="b">MAIN</subfield>
    <subfield code="c">LRP</subfield>
    <subfield code="d">2011-06-07</subfield>
    <subfield code="l">0</subfield>
    <subfield code="n">3791</subfield>
    <subfield code="o">SCCAF-8b</subfield>
    <subfield code="p">3791/2012</subfield>
    <subfield code="r">2011-06-07 00:00:00</subfield>
    <subfield code="w">2011-06-07</subfield>
    <subfield code="y">URC</subfield>
  </datafield>
  <datafield tag="952" ind1=" " ind2=" ">
    <subfield code="0">0</subfield>
    <subfield code="1">0</subfield>
    <subfield code="2">ddc</subfield>
    <subfield code="4">0</subfield>
    <subfield code="6">SCCAF_8B</subfield>
    <subfield code="7">0</subfield>
    <subfield code="9">15890</subfield>
    <subfield code="a">MAIN</subfield>
    <subfield code="b">MAIN</subfield>
    <subfield code="c">LRP</subfield>
    <subfield code="d">2019-07-10</subfield>
    <subfield code="l">0</subfield>
    <subfield code="o">SCCAF:8B</subfield>
    <subfield code="p">494/2019</subfield>
    <subfield code="r">2019-07-10 00:00:00</subfield>
    <subfield code="w">2019-07-10</subfield>
    <subfield code="y">URC</subfield>
  </datafield>
  <datafield tag="952" ind1=" " ind2=" ">
    <subfield code="0">0</subfield>
    <subfield code="1">0</subfield>
    <subfield code="2">ddc</subfield>
    <subfield code="4">0</subfield>
    <subfield code="6">SCCAF_8B</subfield>
    <subfield code="7">0</subfield>
    <subfield code="9">15891</subfield>
    <subfield code="a">MAIN</subfield>
    <subfield code="b">MAIN</subfield>
    <subfield code="c">LRP</subfield>
    <subfield code="d">2019-07-10</subfield>
    <subfield code="l">0</subfield>
    <subfield code="o">SCCAF:8B</subfield>
    <subfield code="p">495/2019</subfield>
    <subfield code="r">2019-07-10 00:00:00</subfield>
    <subfield code="w">2019-07-10</subfield>
    <subfield code="y">URC</subfield>
  </datafield>
</record>
